LEADER 00934nam a2200181 i 4500 001 000000212427 003 CaOOAMICUS 005 20120411000000.0 008 120411s1803 it u000 u fre u 013 $a191258 026 $aarie e-e- m-e. maqu (3) 1803 (A) 040 $aSeMil$bita 245 10$aTome 2., Livre 3. 300 $a[4], IV, 348, IV p. 773 0 $aMoysant, François <1735-1813>$tBibliothèque portative des écrivains françois, ou Choix des meilleurs morceaux extraits de leurs ouvrages en prose, par MM. Moysant et de Levizac. Tome 1. [-3.].$dLondres : Chez Dulau : Robinson, Pater-noster Row et Mawman, Poultry, 1803 ([Londra] : De l'impr. de L. Nardini, 1803)$bSeconde édition considérablement augmentée et sur un nouveau plan.$g2$w()26586 850 $aSeMil 852 $aSeMil$W1$xVenegono$y1$m1V VI 34 FA$j162861$B162861$CSeMilBibl$Z2$F174009 $8I 996 $6245$aTome 2., Livre 3$9(OLS)http://semarc/title/306696 LEADER 00837nam a2200193 i 4500 001 000000224538 003 CaOOAMICUS 005 20131105000000.0 008 131105s1837 it u000 u lat u 013 $a203436 040 $aSeMil$bita 245 10$aTomus 86. 300 $a510 p. 773 0 $aGuillon, Marie Nicolas Sylvestre <1760-1847>$tCollectio selecta SS. Ecclesiae Patrum, complectens exquisitissima opera tum dogmatica et moralia, tum apologetica et oratoria; accurantibus D. Caillau ... una cum D.M.N.S. Guillon ..$dParisiis : Apud Méquignon-Havard, 1829-1840 (Parisiis : Typis Decourchant)$g86$w()28977 850 $aSeMil 852 $aSeMil$W1$xVenegono$y1$m2S II 86 FA$j174884$B174884$CSeMilBibl$Z2$F184884 $8I 941 1 $a10 961 $aRecupero: Mantegazza 996 $6245$aTomus 86$9(OLS)http://semarc/title/321797